000 00409pab a2200169 454500
008 180718b1998 xxu||||| |||| 00| 0 eng d
100 _aRoy, Bijon Krishna
245 _aPolicing the Indian society by women
260 _c1998
300 _ap.98-104
362 _aJan-Jun
650 _aWomen - India
650 _aPolice - India
650 _aPolice
773 _aIndian Police Journal
909 _a37446
999 _c37446
_d37446